000 00355nam a2200145Ia 4500
008 230917s9999||||xx |||||||||||||| ||und||
040 _e78890
_aMAIN
041 _aEnglish
082 _a340 S73L
100 _aSarkar, U C
245 0 _aLegal research essays, v1 & v2
260 _aAllahabad
_bAllahabad Law
_c1972
300 _avi, 233 p.
942 _cBK
999 _c134579
_d134579